000 05459nkm0a2200577 4500
001 RU\NLR\BIBL_A\010701264
005 20250806205142.0
020 _aRU
_b44-1548 (вып. 1944, № 1/2)
_9Летопись изоизданий / ВКП. - Москва, 1944. - Вып. 1944, № 1/2
035 _a(NLR Aleph) 010701264
071 5 0 _d30 коп.
_925000
090 _a74551
_c74551
100 _a20150317d1942 u y0rusy50 ca
101 0 _arus
102 _aRU
116 _adiybxx zz ae
135 _acrcn 024anaba
200 1 _aГерой Советского Союза Александр Чекалин
_bИзоматериал
_eпочтовая карточка
_fхудож.: Н. Борисова
210 _a[Москва]
_cМолодая гвардия
_d[1942]
_gТип. "Искра революции"
215 _a1 л. (2 изобр.)
_cракел. глуб. печ.
_d15х9,9
300 _aВ "Летописи изобразительного искусства Великой Отечественной войны" (Вып. 1944, № 1/2. С. 58. № 1548) опис. под загл.: Чекалин, А. Партизан-комсомолец, Герой Советского Союза
300 _aНа адрес. стороне под загл. текст: Саша Чекалин был смелым бойцом и отважным разведчиком. Больного, его окружил целый отряд гитлеровцев. Шестнадцатилетний партизан-комсомолец метнул гранату, но взрыва не последовало. С молчаливым презрением встретил Саша мучения, пытки и умер с пением "Интернационала"
300 _aЦенз. разрешение: Л15337
300 _aВ вып. дан.: Заказ № 2399-2402
325 1 _aКопия доступна в электронной библиотеке РНБ
327 0 _aПартизан с гранатой, окруженный фашистами, и портрет А.П. Чекалина (до плеч, прямолично, в круге)
517 1 _aЧекалин, А. Партизан-комсомолец, Герой Советского Союза
517 1 _aСаша Чекалин был смелым бойцом и отважным разведчиком. Больного, его окружил целый отряд гитлеровцев. Шестнадцатилетний партизан-комсомолец метнул гранату, но взрыва не последовало. С молчаливым презрением встретил Саша мучения, пытки и умер с пением "Интернационала"
540 1 _aПартизан с гранатой, окруженный фашистами, и портрет А.П. Чекалина
540 1 _aЧекалин А.П., портрет, до плеч, прямолично, в круге
540 1 _aГерой Советского Союза Александр Павлович Чекалин
600 1 _aЧекалин
_bА.П.
_gАлександр Павлович
_f1925 - 1941
_jОткрытки
_2nlr_sh1
_2nlr_sh2
_3RU\NLR\AUTH\66186810
606 1 _aПочтовые открытки маркированные художественные
_yСССР
_z1941 - 1945
_2nlr_sh2
_3RU\NLR\AUTH\661531868
606 1 _aВеликая Отечественная война
_z1941 - 1945
_xГерои Советского Союза
_jОткрытки
_2nlr_sh1
_2nlr_sh2
_3RU\NLR\AUTH\6630666
606 1 _aВеликая Отечественная война
_z1941 - 1945
_xПартизанское движение
_jОткрытки
_2nlr_sh1
_2nlr_sh2
_3RU\NLR\AUTH\66111865
686 1 _aЩ153(2)7-489
700 1 _aБорисова-Сыромятникова
_bН. Т.
_cхудожник
_f1911-
_gНаталия Тихоновна
_3RU\NLR\AUTH\770142743
_4040
702 1 _aЧекалин
_bА. П.
_f1925-1941
_gАлександр Павлович
_4570
712 0 2 _a"Молодая гвардия", издательство
_cМосква
_3RU\NLR\AUTH\8810017947
_4650
712 0 2 _a"Искра революции", типография
_cМосква
_3RU\NLR\AUTH\8810047217
_4610
830 _aОткрытка датирована по общей датировке серии в "Летописи изобразительного искусства Великой Отечественной войны" (Вып. 1944, № 1/2. С. 58. № 1538-1549). А.Я. ОЭст
830 _aИсточник биографических сведений о А.П. Чекалине: http://www.warheroes.ru/hero/hero.asp?Hero_id=297 (17.03.2015). А.Я. ОЭст
856 0 _uhttp://vivaldi.nlr.ru/lo000070803/view
856 1 _uhttp://vivaldi.nlr.ru/lo000070803/cover
856 2 _uhttp://vivaldi.nlr.ru/lo000070803/text
901 _eИзографические материалы
942 _cVISUAL
945 _aРоссийская национальная библиотека
980 _aBV
981 1 7 _a(17) Изографические материалы
_b(17) Открытки
_bПортреты